1588 1978 1692 1346 1471 1014 1642 1150 1527 1069 1741 1512 1607 1744 1842 1704 1100 1263 1951 1452 1679 1771 1857 1151 1862 1949 1552 1063 1039 1084 1276 1309 1470 1169 1181 1842 1088 1181 1533 1329 1554 1996 1738 1265 1866 1658 1137 1518 1540 1027 1309 1582 1481 1342 1094 1408 1950 1755 1463 1465 1369 1470 1091 1113 1676 1353 1010 1382 1698 1505 1396 1441 1317 1033 1215 1107 1623 1091 1565 1346 1346 1225 1635 1847 1331 1124 1265 1073 1761 1361 1607 1561 1045 1944 1857 1851 1991 1559 1683 BCNSPRNW ULIB Ver.6.0+V

เปลี่ยนเป็นภาษาไทย

Change to English
 แสดงรายละเอียดบรรณานุกรม
  กลับหน้าหลัก

Brief Record : Get Marc (ISO 2709) : E-mail record : QR code < ปิดหน้าต่าง
LEADER : 00000nam 2200000uu 4500
001    13399113372
003     ULIB
008    111108s2549||||th 000 0 tha d
060  4 QY95^bส777ซ ล.1 2549
245 00 เซลล์ชีววิทยาทางการแพทย์ 1:ชีวโมเลกุลและบทบาทระดับเซลล์ /^cบรรณาธิการ, สิทธิศักดิ์หรรษาเวก, ชัยวัฒน์ สว่างคง
260    กรุงเทพฯ :^bภาควิชาชีวเคมี คณะแพทยศาสตร์จุฬาลงกรณ์มหาวิทยาลัย,^c2549
300    2 เล่ม :^bภาพประกอบ ;^c29 ซม.
650  7 ชีววิทยา
650  7 เซลล์
650  7 ชีวโมเลกุล
700 0  สิทธิศักดิ์ หรรษาเวก,^eบรรณาธิการ
700 0  ชัยวัฒน์ สว่างคง,^eบรรณาธิการ
710 2  จุฬาลงกรณ์มหาวิทยาลัย. ^bคณะแพทยศาสตร์. ^bภาควิชาชีวเคมี
945    ^p0^l0^i24721
995     กัณชพร
999    ^aใช้งานได้ทุกระบบ
รายการนี้ยังไม่มีแท็ก
คุณยังไม่ได้ล็อกอิน คุณสามารถมีกิจกรรมร่วมกับเว็บไซต์ได้ แต่ต้องล็อกอินก่อน ::
  ล็อกอิน

รายการสื่อสารสนเทศ

ลำดับที่ ประเภท เลขเรียก/บาร์โค้ด สถานที่ สถานะ
- ไม่พบข้อมูล -

รายการใกล้เคียง
    หัวเรื่อง [ชีววิทยา]
    หัวเรื่อง [เซลล์]
    หัวเรื่อง [ชีวโมเลกุล]

BibComment


ยังไม่เคยถูกคอมเมนท์

คอมเมนท์ทรัพยากรรายการนี้
  คอมเมนท์: เซลล์ชีววิทยาทางก..


 Copyright 2026. Bcnsprnw @Library